000 00456nam a2200205Ia 4500
001 12826
003 GE_BSU
008 181216s||||||||xx |||||||||||||| ||und||
020 _a0747257949
040 _cGE_BSU
080 _a821.111-31
100 _aMatthews,Carole.
245 _aLet's Meet on Platform 8.
260 _aLondon.
260 _bHeadline.
260 _c1997
300 _a309p;18cm.
653 _aLet's Meet on Platform 8.
942 _cBK
999 _c45997
_d45997